书目信息 |
| 题名: |
高等数学目标与测试
|
|
| 作者: | 肖亚兰 主编 | |
| 分册: | ||
| 出版信息: | 北京 科学出版社 2006.08 |
|
| 页数: | 260页 | |
| 开本: | 24cm | |
| 丛书名: | 大学工科·数学教材系列 | |
| 单 册: | ||
| 中图分类: | O13-42 | |
| 科图分类: | ||
| 主题词: | 高等数学--gao deng shu xue--高等学校--教学参考资料 | |
| 电子资源: | ||
| ISBN: | 7-03-017745-2 | |
| 000 | 01060nam 2200265 450 | |
| 001 | 012006240395 | |
| 005 | 20061205152513.84 | |
| 010 | @a7-03-017745-2@dCNY21.00 (含光盘) | |
| 100 | @a20061108d2006 km y0chiy0120 ea | |
| 101 | 0 | @achi |
| 102 | @aCN@b110000 | |
| 105 | @aa z 000yy | |
| 200 | 1 | @a高等数学目标与测试@Agao deng shu xue mu biao yu ce shi@f肖亚兰主编@Fxiao ya lan zhu bian |
| 210 | @a北京@c科学出版社@d2006.08 | |
| 215 | @a260页@c图@d24cm@e光盘1片 | |
| 225 | 2 | @a大学工科·数学教材系列@Ada xue gong ke·shu xue jiao cai xi lie |
| 300 | @a21世纪高等院校教材 | |
| 307 | @a光盘 ISBN : 7-900185-92-5 | |
| 330 | @a本书内容包括一元函数的极限与连续、导数与微分、微分中值定理与导数的应用、不定积分、定积分、定积分的应用、向量代数与空间解析几何、多元函数微分法及其应用、重积分、曲线积分与曲面积分、无穷级数等。 | |
| 410 | 0 | @12001 @a大学工科·数学教材系列 |
| 606 | 0 | @a高等数学@Agao deng shu xue@x高等学校@j教学参考资料 |
| 690 | @aO13-42@v4 | |
| 701 | 0 | @a肖亚兰@Axiao ya lan@4主编 |
| 801 | 0 | @aCN@c20061205 |
| 905 | @a10447@dO13-42@eX295 | |
| 高等数学目标与测试/肖亚兰主编.-北京:科学出版社,2006.08 |
| 260页:图;24cm+光盘1片.-(大学工科·数学教材系列) |
| 21世纪高等院校教材 |
| ISBN 7-03-017745-2:CNY21.00 (含光盘) |
| 本书内容包括一元函数的极限与连续、导数与微分、微分中值定理与导数的应用、不定积分、定积分、定积分的应用、向量代数与空间解析几何、多元函数微分法及其应用、重积分、曲线积分与曲面积分、无穷级数等。 |
| ● |
| 相关链接 |
|
|
|
正题名:高等数学目标与测试
索取号:O13-42/X295
 
预约/预借
| 序号 | 登录号 | 条形码 | 馆藏地/架位号 | 状态 | 备注 |
| 1 | 226505 | 202265057 | 自科库401/401自科库 108排4列5层/ [索取号:O13-42/X295] | 在馆 | |
| 2 | 226506 | 202265066 | 自科库401/401自科库 108排4列5层/ [索取号:O13-42/X295] | 在馆 | |
| 3 | 226507 | 202265075 | 自科库401/401自科库 108排4列5层/ [索取号:O13-42/X295] | 在馆 |